[Event "Denizli op"]
[Site "Denizli"]
[Date "2025.07.08"]
[Round "3"]
[White "Can, Melih Kaan"]
[Black "Sachi, Jain"]
[Result "1-0"]
[WhiteElo "2171"]
[BlackElo "2101"]
[PlyCount "99"]
[EventDate "2025.07.07"]
[EventType "swiss"]
[EventRounds "9"]
[EventCountry "TUR"]
[SourceTitle "CB29_2025"]
[SourceDate "2025.07.16"]
[SourceVersion "1"]
[SourceVersionDate "2025.07.16"]
[SourceQuality "1"]

1. d4 d5 2. c4 e6 3. g3 Nf6 4. Bg2 Be7 5. Nf3 0-0 6. 0-0 b6 7. cxd5 exd5 8. Nc3 Bb7 9. Ne5 Re8 10. Bf4 Nbd7 11. Qa4 Nf8 12. Nc6 Qd7 13. Nxe7+ Qxe7 14. Bg5 Red8 15. Rac1 Ne6 16. Bxf6 Qxf6 17. e3 h5 18. Qb3 Qf5 19. Qc2 Qf6 20. Ne2 h4 21. Nf4 Nxf4 22. exf4 hxg3 23. hxg3 c6 24. Qd2 Bc8 25. Rfe1 Bf5 26. Re5 Rd6 27. Qe3 Rad8 28. Bf3 Be4 29. Kg2 Bxf3+ 30. Kxf3 g6 31. Re7 Kf8 32. Re1 c5 33. Re5 cxd4 34. Qxd4 Re6 35. Kg2 Kg7 36. g4 Rxe5 37. Rxe5 Kg8 38. Re8+ Rxe8 39. Qxf6 Rc8 40. f5 Rc4 41. Kg3 gxf5 42. Qxf5 Rc5 43. Qg5+ Kf8 44. Qd8+ Kg7 45. Qd6 Ra5 46. a3 Rc5 47. g5 Kg8 48. f4 Rc2 49. Qxd5 Rxb2 50. g6 1-0

[Event "Titled Tuesday intern op 01st Apr Early"]
[Site "Chess.com INT"]
[Date "2025.04.01"]
[Round "7"]
[White "Can, Melih Kaan"]
[Black "Brancaleoni, Maurizio"]
[Result "0-1"]
[WhiteElo "2171"]
[BlackElo "2180"]
[PlyCount "94"]
[EventDate "2025.04.01"]
[EventType "swiss (blitz)"]
[EventRounds "11"]
[EventCountry "USA"]
[SourceTitle "CB15_2025"]
[SourceDate "2025.04.09"]
[SourceVersion "1"]
[SourceVersionDate "2025.04.09"]
[SourceQuality "1"]

1. e4 c6 2. Nc3 d5 3. Nf3 dxe4 4. Nxe4 Nf6 5. Qe2 Nxe4 6. Qxe4 Qd5 7. Qf4 Qd6 8. Qe3 Bf5 9. Qb3 Qe6+ 10. Qxe6 Bxe6 11. d4 g6 12. Bd3 Bg7 13. 0-0 Nd7 14. c3 Nf6 15. Bg5 0-0 16. a3 h6 17. Be3 Nd5 18. Rfe1 Rfd8 19. Bd2 Bg4 20. Ne5 Bf5 21. Bxf5 gxf5 22. Re2 e6 23. Rae1 Rac8 24. g4 fxg4 25. Nxg4 Kh7 26. Ne5 Bxe5 27. Rxe5 Rg8+ 28. Kh1 Ne7 29. R1e3 Rcd8 30. Rh3 Nf5 31. Re2 Rd5 32. Be3 Rg4 33. f3 Rg6 34. Bf4 Ne7 35. Re5 Nf5 36. Rxd5 cxd5 37. Bg3 Rg8 38. Kg2 Kg6 39. Kf2 Rc8 40. Be5 b5 41. f4 a5 42. Kf3 Rc4 43. Bb8 b4 44. axb4 axb4 45. cxb4 Rxb4 46. Kg4 Rxb8 47. Rc3 h5+ 0-1

[Event "Titled Tuesday intern op 01st Apr Late"]
[Site "Chess.com INT"]
[Date "2025.04.01"]
[Round "1"]
[White "Can, Melih Kaan"]
[Black "Wu, Derek"]
[Result "0-1"]
[WhiteElo "2171"]
[BlackElo "2232"]
[PlyCount "69"]
[EventDate "2025.04.01"]
[EventType "swiss (blitz)"]
[EventRounds "11"]
[EventCountry "USA"]
[SourceTitle "CB15_2025"]
[SourceDate "2025.04.09"]
[SourceVersion "1"]
[SourceVersionDate "2025.04.09"]
[SourceQuality "1"]

1. e4 g6 2. d4 Bg7 3. Nc3 d6 4. Be3 a6 5. a4 Nf6 6. Bd3 0-0 7. f3 Nc6 8. Nge2 e5 9. d5 Nb4 10. Bc4 a5 11. 0-0 Nh5 12. Na2 Nxa2 13. Rxa2 f5 14. Nc3 Nf6 15. Bg5 Bd7 16. Bb5 Bc8 17. Qd2 Qe7 18. Bh6 Nh5 19. Bxg7 Kxg7 20. Bd3 Nf4 21. Qf2 fxe4 22. Bxe4 Bf5 23. Bxf5 Rxf5 24. Kh1 Raf8 25. Ra3 Rg5 26. g3 Nh5 27. Qg2 Rgf5 28. Ne4 Qf7 29. h4 Qxd5 30. Rd3 Qxe4 31. fxe4 Rxf1+ 32. Kh2 R1f2 33. Rb3 Rxg2+ 34. Kxg2 b6 35. Rc3 0-1

[Event "Titled Tuesday intern op 01st Apr Late"]
[Site "Chess.com INT"]
[Date "2025.04.01"]
[Round "2"]
[White "Makaraci, Tunahan"]
[Black "Can, Melih Kaan"]
[Result "1/2-1/2"]
[WhiteElo "2233"]
[BlackElo "2171"]
[PlyCount "64"]
[EventDate "2025.04.01"]
[EventType "swiss (blitz)"]
[EventRounds "11"]
[EventCountry "USA"]
[SourceTitle "CB15_2025"]
[SourceDate "2025.04.09"]
[SourceVersion "1"]
[SourceVersionDate "2025.04.09"]
[SourceQuality "1"]

1. e4 c5 2. Nf3 d6 3. c3 Nf6 4. Be2 g6 5. 0-0 Bg7 6. Bb5+ Bd7 7. Bxd7+ Qxd7 8. Re1 0-0 9. d4 cxd4 10. cxd4 Nc6 11. Nc3 a6 12. d5 Na7 13. Be3 b5 14. a3 a5 15. Qd3 b4 16. axb4 axb4 17. Na4 Qb7 18. Nb6 Rab8 19. Rec1 Ng4 20. Nd7 Qxd7 21. Rxa7 Rb7 22. Rxb7 Qxb7 23. b3 Nxe3 24. Qxe3 Rc8 25. h3 Rc3 26. Qd2 Rxb3 27. Nd4 Bxd4 28. Qxd4 Rc3 29. Rb1 Rc8 30. Rxb4 Qc7 31. g3 Qc1+ 32. Kg2 Qc3 1/2-1/2

[Event "Titled Tuesday intern op 01st Apr Early"]
[Site "Chess.com INT"]
[Date "2025.04.01"]
[Round "5"]
[White "Olhovik, Andrei"]
[Black "Can, Melih Kaan"]
[Result "1-0"]
[WhiteElo "2282"]
[BlackElo "2171"]
[PlyCount "71"]
[EventDate "2025.04.01"]
[EventType "swiss (blitz)"]
[EventRounds "11"]
[EventCountry "USA"]
[SourceTitle "CB15_2025"]
[SourceDate "2025.04.09"]
[SourceVersion "1"]
[SourceVersionDate "2025.04.09"]
[SourceQuality "1"]

1. e4 c5 2. c3 Nf6 3. e5 Nd5 4. Nf3 Nc6 5. Bc4 Nb6 6. Bb3 g6 7. 0-0 Bg7 8. d4 cxd4 9. cxd4 d6 10. e6 fxe6 11. Re1 0-0 12. Nc3 d5 13. Bg5 Bd7 14. Qd2 Rxf3 15. gxf3 Nxd4 16. Bd1 Nc4 17. Qc1 Ne5 18. Re3 Nf5 19. Re1 Nd3 20. Qd2 Nxe1 21. Qxe1 Qf8 22. Rc1 Nd4 23. Kg2 Qf5 24. Be3 Rf8 25. f4 Bc6 26. Qd2 Nb5 27. Nxb5 Bxb5 28. Rc7 d4 29. Bxd4 Bxd4 30. Qxd4 Bc6+ 31. Kf1 Qh3+ 32. Ke1 Qg2 33. Rxe7 Qg1+ 34. Kd2 Rf6 35. Qxf6 Qxf2+ 36. Be2 1-0

[Event "Titled Tuesday intern op 01st Apr Early"]
[Site "Chess.com INT"]
[Date "2025.04.01"]
[Round "9"]
[White "Vu, Thi Dieu Uyen"]
[Black "Can, Melih Kaan"]
[Result "1/2-1/2"]
[WhiteElo "1875"]
[BlackElo "2171"]
[PlyCount "120"]
[EventDate "2025.04.01"]
[EventType "swiss (blitz)"]
[EventRounds "11"]
[EventCountry "USA"]
[SourceTitle "CB15_2025"]
[SourceDate "2025.04.09"]
[SourceVersion "1"]
[SourceVersionDate "2025.04.09"]
[SourceQuality "1"]

1. e4 c5 2. Nf3 d6 3. c3 Nf6 4. d3 g6 5. Bg5 Bg7 6. Be2 Nc6 7. 0-0 0-0 8. Nbd2 Bd7 9. h3 Rc8 10. Rc1 a6 11. d4 cxd4 12. cxd4 Nb4 13. a3 Rxc1 14. Qxc1 Nc6 15. e5 dxe5 16. dxe5 Ne8 17. Qc5 Nc7 18. Ne4 Ne6 19. Qc3 Nxg5 20. Nexg5 Qc7 21. Bc4 Nxe5 22. Nxe5 Bxe5 23. Qb3 e6 24. Nf3 Bf6 25. Be2 Bc6 26. Rc1 Rd8 27. Qc4 Qd6 28. b4 Bb5 29. Qe4 Bxe2 30. Qxe2 Qd3 31. Qxd3 Rxd3 32. Rc8+ Kg7 33. Rc7 b5 34. Ra7 Rxa3 35. Kf1 Bc3 36. Ke2 Bxb4 37. Ne5 Ra2+ 38. Kd3 Rxf2 39. Rxa6 Rxg2 40. Ra7 Rf2 41. Rb7 Bd6 42. Ng4 Rf3+ 43. Ke2 Rxh3 44. Rxb5 h5 45. Nf2 Rh2 46. Kf3 Rh4 47. Ne4 Be7 48. Rb7 Bf6 49. Nd6 Rh3+ 50. Kg2 Rd3 51. Nxf7 Kg8 52. Kf2 Bg7 53. Ng5 Rd5 54. Rb8+ Bf8 55. Nxe6 Rf5+ 56. Kg2 g5 57. Nd4 Rd5 58. Ne6 Rf5 59. Nd4 Rf4 60. Ne6 Rf5 1/2-1/2

[Event "Titled Tuesday intern op 11th Mar Early"]
[Site "Chess.com INT"]
[Date "2025.03.11"]
[Round "4"]
[White "Can, Melih Kaan"]
[Black "Gkavardinas, Antonios"]
[Result "0-1"]
[WhiteElo "2171"]
[BlackElo "2302"]
[PlyCount "46"]
[EventDate "2025.03.11"]
[EventType "swiss (blitz)"]
[EventRounds "11"]
[EventCountry "USA"]
[SourceTitle "CB12_2025"]
[SourceDate "2025.03.19"]
[SourceVersion "1"]
[SourceVersionDate "2025.03.19"]
[SourceQuality "1"]

1. e4 d5 2. Nc3 dxe4 3. Nxe4 Nf6 4. Nxf6+ exf6 5. Nf3 Bd6 6. Bc4 0-0 7. 0-0 c5 8. h3 Nc6 9. d3 a6 10. a3 b5 11. Ba2 Bb7 12. Be3 Rc8 13. d4 cxd4 14. Nxd4 Nxd4 15. Bxd4 Bb8 16. Bc3 Qc7 17. f4 Qc6 18. Qg4 Rfe8 19. Rad1 Rcd8 20. Rxd8 Rxd8 21. Re1 Bxf4 22. Re7 Qc5+ 23. Kh1 Qxe7 0-1

[Event "Titled Tuesday intern op 11th Mar Early"]
[Site "Chess.com INT"]
[Date "2025.03.11"]
[Round "5"]
[White "Can, Melih Kaan"]
[Black "Southcott Moyers, Indy"]
[Result "0-1"]
[WhiteElo "2171"]
[BlackElo "2227"]
[PlyCount "76"]
[EventDate "2025.03.11"]
[EventType "swiss (blitz)"]
[EventRounds "11"]
[EventCountry "USA"]
[SourceTitle "CB12_2025"]
[SourceDate "2025.03.19"]
[SourceVersion "1"]
[SourceVersionDate "2025.03.19"]
[SourceQuality "1"]

1. e4 c6 2. Nc3 d5 3. Nf3 dxe4 4. Nxe4 Nf6 5. Qe2 Nxe4 6. Qxe4 Nd7 7. Bc4 Nf6 8. Ne5 e6 9. Qe2 b5 10. Bb3 Qc7 11. d4 Bd6 12. 0-0 0-0 13. Bf4 a5 14. a3 c5 15. dxc5 Qxc5 16. Rad1 Bc7 17. Nd3 Qb6 18. Be3 Qc6 19. Nc5 Bb6 20. Nd3 Bb7 21. Nf4 Bxe3 22. fxe3 Rfd8 23. Rd3 Ne4 24. Rfd1 Rxd3 25. cxd3 Nc5 26. Ba2 Qd6 27. Rc1 b4 28. d4 Ne4 29. Qb5 Qe7 30. d5 e5 31. d6 Nxd6 32. Qb6 exf4 33. Rc7 Qe4 34. Rxb7 Nxb7 35. Qc7 Qxe3+ 36. Kf1 Qd3+ 37. Kf2 Nd6 38. Qc6 Rf8 0-1

[Event "Titled Tuesday intern op 11th Mar Early"]
[Site "Chess.com INT"]
[Date "2025.03.11"]
[Round "7"]
[White "Can, Melih Kaan"]
[Black "Tarnowska, Aleksandra"]
[Result "0-1"]
[WhiteElo "2171"]
[BlackElo "1882"]
[PlyCount "66"]
[EventDate "2025.03.11"]
[EventType "swiss (blitz)"]
[EventRounds "11"]
[EventCountry "USA"]
[SourceTitle "CB12_2025"]
[SourceDate "2025.03.19"]
[SourceVersion "1"]
[SourceVersionDate "2025.03.19"]
[SourceQuality "1"]

1. e4 c5 2. Nc3 e6 3. Nge2 a6 4. g3 Qc7 5. Bg2 Nc6 6. d4 cxd4 7. Nxd4 Nf6 8. 0-0 Be7 9. Re1 d6 10. Bg5 0-0 11. Nxc6 bxc6 12. e5 Nd5 13. Nxd5 cxd5 14. exd6 Bxd6 15. Qd3 a5 16. c3 Ba6 17. Qd4 Bc5 18. Qg4 Rfb8 19. Bf6 Bf8 20. b3 Bd3 21. Be5 Qa7 22. Bxb8 Rxb8 23. Rad1 Bf5 24. Qf4 Rc8 25. Bxd5 Bc2 26. Rd2 Rxc3 27. Rxe6 Bg6 28. Re1 Qc5 29. Qd4 Qc7 30. Qf4 Qc5 31. Kg2 h6 32. Re8 Kh7 33. Qe5 Bd6 0-1

[Event "Titled Tuesday intern op 04th Feb Late"]
[Site "Chess.com INT"]
[Date "2025.02.04"]
[Round "3"]
[White "Can, Melih Kaan"]
[Black "Conde, Adrian"]
[Result "1-0"]
[WhiteElo "2171"]
[BlackElo "2015"]
[PlyCount "119"]
[EventDate "2025.02.04"]
[EventType "swiss (blitz)"]
[EventRounds "11"]
[EventCountry "USA"]
[SourceTitle "CB07_2025"]
[SourceDate "2025.02.12"]
[SourceVersion "1"]
[SourceVersionDate "2025.02.12"]
[SourceQuality "1"]

1. e4 e5 2. Nf3 Nc6 3. d4 exd4 4. Nxd4 Nf6 5. Nc3 Bb4 6. Nxc6 bxc6 7. Bd3 d5 8. exd5 cxd5 9. 0-0 0-0 10. h3 Qd6 11. Qf3 Re8 12. Bf4 Qd8 13. Rad1 Bxc3 14. bxc3 Bb7 15. Bg5 Qd6 16. c4 Rab8 17. cxd5 Bxd5 18. Qg3 Qxg3 19. fxg3 Bxa2 20. Bxf6 gxf6 21. Ra1 Bd5 22. Rxa7 c6 23. Rxf6 Rb1+ 24. Kf2 Rd1 25. Rh6 Rd2+ 26. Kg1 Rxg2+ 27. Kf1 Rxg3 28. Rh4 Rg2 29. Raa4 Rh2 30. Rag4+ Kf8 31. Rxh7 Re6 32. Rf4 Re5 33. c4 Be6 34. Rh6 Ra5 35. Rxe6 Ra1+ 36. Re1 Rh1+ 37. Kg2 Raxe1 38. Kg3 Rhg1+ 39. Kh4 Kg7 40. Bf5 Re8 41. Bg4 Rh8+ 42. Bh5 Rg6 43. Rf5 Rgh6 44. c5 f6 45. Kg4 Rg8 46. h4 Kf8+ 47. Kf4 Ke7 48. Bg4 Rhh8 49. h5 Rd8 50. Kf3 Rd3+ 51. Ke4 Rd4+ 52. Kxd4 Rg8 53. Rf4 Rg5 54. Ke4 Rxc5 55. Bf5 Kf7 56. Kf3 Kg7 57. Bg6 Kh6 58. Rxf6 Rc3+ 59. Ke2 Rc2+ 60. Bxc2+ 1-0

[Event "Titled Tuesday intern op 04th Feb Late"]
[Site "Chess.com INT"]
[Date "2025.02.04"]
[Round "2"]
[White "Fawzy, Adham"]
[Black "Can, Melih Kaan"]
[Result "1-0"]
[WhiteElo "2513"]
[BlackElo "2171"]
[PlyCount "81"]
[EventDate "2025.02.04"]
[EventType "swiss (blitz)"]
[EventRounds "11"]
[EventCountry "USA"]
[SourceTitle "CB07_2025"]
[SourceDate "2025.02.12"]
[SourceVersion "1"]
[SourceVersionDate "2025.02.12"]
[SourceQuality "1"]

1. e4 c5 2. c4 Nc6 3. Nc3 g6 4. d3 Bg7 5. g3 e6 6. Be3 Nd4 7. Bg2 Ne7 8. Nge2 0-0 9. 0-0 d6 10. a3 a5 11. Rb1 Bd7 12. f4 Bc6 13. a4 Qd7 14. Nb5 Nxe2+ 15. Qxe2 Rad8 16. Rfd1 Bxb5 17. axb5 Bd4 18. Bxd4 cxd4 19. Qf2 e5 20. f5 f6 21. h4 Kg7 22. Bh3 Qc7 23. Rf1 Ng8 24. g4 Rf7 25. Qg3 Rdf8 26. Rf2 Qc5 27. g5 Ne7 28. Rbf1 Qc7 29. fxg6 Nxg6 30. gxf6+ Kh8 31. Be6 Nf4 32. Bxf7 Qxf7 33. Rxf4 exf4 34. Qxf4 Rg8+ 35. Kf2 Qg6 36. Ke1 Rf8 37. Qxd6 Kg8 38. f7+ Rxf7 39. Qxg6+ hxg6 40. Rxf7 Kxf7 41. Kf2 1-0

[Event "Titled Tuesday intern op 07th Jan Early"]
[Site "Chess.com INT"]
[Date "2025.01.07"]
[Round "2"]
[White "Can, Melih Kaan"]
[Black "Craciun, Sasha Matei"]
[Result "1-0"]
[WhiteElo "2171"]
[BlackElo "2257"]
[PlyCount "89"]
[EventDate "2025.01.07"]
[EventType "swiss (blitz)"]
[EventRounds "11"]
[EventCountry "USA"]
[SourceTitle "CB03_2025"]
[SourceDate "2025.01.15"]
[SourceVersion "1"]
[SourceVersionDate "2025.01.15"]
[SourceQuality "1"]

1. e4 e5 2. Nf3 Nc6 3. d4 exd4 4. Nxd4 Bc5 5. Nb3 Bb6 6. Nc3 Nf6 7. Bg5 0-0 8. Bd3 a5 9. a4 Ne5 10. Nd5 Bxf2+ 11. Kf1 Nxd5 12. Bxd8 Ne3+ 13. Kxf2 Nxd1+ 14. Raxd1 Rxd8 15. h3 d6 16. Bb5 Kf8 17. Nd4 Ke7 18. Rhe1 c6 19. Bf1 g6 20. b3 Be6 21. Rd2 h5 22. Ne2 g5 23. Ng3 h4 24. Ne2 Ng6 25. Nd4 Kf6 26. Be2 Nf4 27. Bg4 Bxg4 28. hxg4 Rd7 29. Nf5 Rad8 30. Rxd6+ Rxd6 31. e5+ Kg6 32. exd6 Nd5 33. c4 Nf6 34. Kf3 c5 35. Re7 b6 36. Rb7 Nd7 37. Ne7+ Kg7 38. Nc6 Rc8 39. Rxd7 Rxc6 40. Ke4 Rc8 41. Kd5 Re8 42. Re7 Rd8 43. Kc6 Kf6 44. Kc7 Rh8 45. Re3 1-0

[Event "Titled Tuesday intern op 07th Jan Early"]
[Site "Chess.com INT"]
[Date "2025.01.07"]
[Round "7"]
[White "Can, Melih Kaan"]
[Black "Kokoszczynski, Jan"]
[Result "1/2-1/2"]
[WhiteElo "2171"]
[BlackElo "2307"]
[PlyCount "189"]
[EventDate "2025.01.07"]
[EventType "swiss (blitz)"]
[EventRounds "11"]
[EventCountry "USA"]
[SourceTitle "CB03_2025"]
[SourceDate "2025.01.15"]
[SourceVersion "1"]
[SourceVersionDate "2025.01.15"]
[SourceQuality "1"]

1. e4 g6 2. d4 Bg7 3. Nc3 d6 4. h3 a6 5. Be3 b5 6. f4 Bb7 7. Bd3 Nd7 8. Nf3 c5 9. e5 Nh6 10. 0-0 cxd4 11. Bxd4 dxe5 12. fxe5 Bxf3 13. Qxf3 Nxe5 14. Bxe5 Bxe5 15. Qc6+ Kf8 16. Rae1 Qd4+ 17. Kh1 Rd8 18. Re4 Qd6 19. Qb7 Nf5 20. Rg4 Ng3+ 21. Rxg3 Bxg3 22. Ne4 Qe5 23. Rf3 Bh4 24. Qxa6 Kg7 25. g3 Bf6 26. Qxb5 Qxb5 27. Bxb5 Bxb2 28. Bd3 Be5 29. Kg2 e6 30. Ng5 Rd7 31. a4 Ra8 32. Bb5 Rc7 33. c4 Rd8 34. Rxf7+ Rxf7 35. Nxe6+ Kf6 36. Nxd8 Rc7 37. Nc6 Bc3 38. a5 Rxc6 39. Bxc6 Bxa5 40. Kf3 Ke5 41. Bd5 Bb4 42. Kg4 Be7 43. Kf3 Bd6 44. Ke3 g5 45. Kd3 h6 46. Kc3 Bc5 47. Kb3 Kd6 48. Ka4 Bf2 49. g4 Kc5 50. Ka5 Bh4 51. Ka6 Bg3 52. Kb7 Bh4 53. Kc7 Bg3+ 54. Kd7 Bh4 55. Ke7 Bg3 56. Kf7 Bh4 57. Kg6 Bg3 58. Kxh6 Bh4 59. Kg6 Kd6 60. Bf7 Kc5 61. Kf5 Kd6 62. Be8 Kc5 63. Bf7 Kd6 64. Kf6 Kc5 65. Ke5 Bg3+ 66. Ke4 Bh4 67. Bd5 Kd6 68. Kd4 Bf2+ 69. Kd3 Kc5 70. Be6 Bh4 71. Bf5 Bg3 72. Be4 Bh4 73. Bg2 Bg3 74. Bf1 Bh4 75. Ke4 Bg3 76. Be2 Bh4 77. Kf3 Kd6 78. Bd3 Kc5 79. Bf1 Kd6 80. Ke3 Kc5 81. Kd3 Kd6 82. Kd4 Bf2+ 83. Ke4 Kc5 84. Kf3 Bh4 85. Ke4 Kd6 86. Kd4 Bf2+ 87. Kd3 Bh4 88. Be2 Kc5 89. Ke4 Bf2 90. h4 Bxh4 91. Kf5 Kd6 92. Bf1 Kc5 93. Be2 Kd6 94. Bf1 Kc5 95. Be2 1/2-1/2

[Event "Titled Tuesday intern op 07th Jan Early"]
[Site "Chess.com INT"]
[Date "2025.01.07"]
[Round "8"]
[White "Kuznetsov, Mikhail V"]
[Black "Can, Melih Kaan"]
[Result "1-0"]
[WhiteElo "2218"]
[BlackElo "2171"]
[PlyCount "127"]
[EventDate "2025.01.07"]
[EventType "swiss (blitz)"]
[EventRounds "11"]
[EventCountry "USA"]
[SourceTitle "CB03_2025"]
[SourceDate "2025.01.15"]
[SourceVersion "1"]
[SourceVersionDate "2025.01.15"]
[SourceQuality "1"]

1. e4 c5 2. Nf3 Nc6 3. d4 cxd4 4. Nxd4 d6 5. c4 g6 6. Nc3 Bg7 7. Be3 Nf6 8. Be2 Bd7 9. 0-0 Rc8 10. f3 a6 11. Qd2 Nxd4 12. Bxd4 Bc6 13. b4 0-0 14. Rab1 Nd7 15. Be3 b5 16. Rfc1 bxc4 17. Bxc4 Ra8 18. a4 Qb8 19. Nd5 Re8 20. b5 axb5 21. Bxb5 Bxb5 22. Rxb5 Qd8 23. Nc7 Ne5 24. Nxa8 Qxa8 25. a5 h5 26. Qd5 Qa6 27. Qb7 Ra8 28. Qxa6 Rxa6 29. Rb8+ Kh7 30. Bb6 Nd7 31. Rb7 Nxb6 32. axb6 Rxb6 33. Rxe7 Bd4+ 34. Kh1 Kg7 35. g3 Bc5 36. Rd7 Rb3 37. Kg2 Rb2+ 38. Kh3 Re2 39. Rb1 Kf6 40. Rbb7 Bg1 41. Rxf7+ Ke5 42. Kh4 Rxh2+ 43. Kg5 Bf2 44. Rb5+ Kd4 45. Rd5+ Ke3 46. Kxg6 Bxg3 47. Rxh5 Rf2 48. Rhf5 Be5 49. Kg5 Rg2+ 50. Kh5 Kd4 51. Rg5 Rh2+ 52. Kg6 Ke3 53. Rg4 Rf2 54. Rh4 Rxf3 55. Rxf3+ Kxf3 56. Kf5 Ke3 57. Rh7 Kd4 58. Re7 Bh2 59. Re8 Bg3 60. Ra8 Be5 61. Ra4+ Ke3 62. Ke6 Bd4 63. Kd5 Bc5 64. e5 1-0

[Event "Titled Tuesday intern op 07th Jan Early"]
[Site "Chess.com INT"]
[Date "2025.01.07"]
[Round "4"]
[White "Saydaliev, Saidakbar"]
[Black "Can, Melih Kaan"]
[Result "1-0"]
[WhiteElo "2462"]
[BlackElo "2171"]
[PlyCount "95"]
[EventDate "2025.01.07"]
[EventType "swiss (blitz)"]
[EventRounds "11"]
[EventCountry "USA"]
[SourceTitle "CB03_2025"]
[SourceDate "2025.01.15"]
[SourceVersion "1"]
[SourceVersionDate "2025.01.15"]
[SourceQuality "1"]

1. Nf3 Nf6 2. c4 e6 3. g3 d5 4. Bg2 Be7 5. 0-0 0-0 6. d3 c5 7. Ne5 b6 8. Nc3 Bb7 9. e4 dxc4 10. dxc4 Nfd7 11. Nxd7 Qxd7 12. Bf4 Rd8 13. Qxd7 Nxd7 14. Rad1 Nf6 15. e5 Bxg2 16. Kxg2 Ne8 17. h4 Kf8 18. Bg5 Nc7 19. b3 h6 20. Be3 Ke8 21. Ne4 Rxd1 22. Rxd1 Rd8 23. Rxd8+ Kxd8 24. Kf3 Na6 25. Bd2 Nb8 26. Bc3 Nc6 27. Ke3 Kd7 28. h5 a6 29. f4 Bf8 30. g4 Ne7 31. Nd6 f6 32. exf6 gxf6 33. Ne4 f5 34. Nf6+ Kd8 35. g5 Bg7 36. Kd3 Nc6 37. Ng8 Bxc3 38. Kxc3 hxg5 39. h6 gxf4 40. h7 f3 41. h8Q f2 42. Qh4+ Kd7 43. Qxf2 Nd4 44. Qh2 f4 45. Qh7+ Kd6 46. Qb7 f3 47. Qxb6+ Nc6 48. Ne7 1-0

[Event "Titled Tuesday intern op 06th Aug Late"]
[Site "Chess.com INT"]
[Date "2024.08.06"]
[Round "2"]
[White "Can, Melih Kaan"]
[Black "Bhagat, Kush"]
[Result "1/2-1/2"]
[WhiteElo "2164"]
[BlackElo "2220"]
[PlyCount "105"]
[EventDate "2024.08.06"]
[EventType "swiss (blitz)"]
[EventRounds "11"]
[EventCountry "USA"]
[SourceTitle "EXT 2025"]
[Source "ChessBase"]
[SourceDate "2024.10.14"]
[SourceVersion "1"]
[SourceVersionDate "2024.10.14"]
[SourceQuality "1"]

1. e4 c5 2. Nc3 d6 3. Bb5+ Bd7 4. Bxd7+ Qxd7 5. d4 cxd4 6. Qxd4 Nc6 7. Qd3 g6 8. Nf3 Bg7 9. Nd5 Nf6 10. 0-0 0-0 11. Bg5 Nxd5 12. exd5 Nb4 13. Qe4 Na6 14. Qxe7 Qxe7 15. Bxe7 Rfe8 16. Bxd6 Rad8 17. Bg3 Rxd5 18. c3 Re2 19. Rad1 Rxd1 20. Rxd1 Rxb2 21. Rd8+ Bf8 22. h4 Nc5 23. Bd6 Ne6 24. Ra8 Kg7 25. Bxf8+ Nxf8 26. Rxa7 Ne6 27. c4 Nf4 28. Ne5 Kf6 29. Nd7+ Kf5 30. Nc5 Rb1+ 31. Kh2 Rb2 32. Rxb7 Rxf2 33. Rxf7+ Kg4 34. Kh1 Rxa2 35. Ne4 h5 36. c5 Ra4 37. Re7 Kxh4 38. g3+ Kh3 39. Kg1 Ne2+ 40. Kf2 Nxg3 41. Nxg3 Rf4+ 42. Ke2 Kxg3 43. Re3+ Kg4 44. Rc3 h4 45. c6 Rf8 46. c7 Rc8 47. Kf2 g5 48. Kg2 Kh5 49. Rc5 Kg6 50. Kf3 Kh5 51. Kg2 Kh6 52. Kh3 Kh5 53. Kg2 1/2-1/2

[Event "Kavala op-A 33rd"]
[Site "Kavala"]
[Date "2024.07.29"]
[Round "1"]
[White "Can, Melih Kaan"]
[Black "Narva, Mai"]
[Result "0-1"]
[WhiteElo "2141"]
[BlackElo "2418"]
[PlyCount "106"]
[EventDate "2024.07.29"]
[EventType "swiss"]
[EventRounds "9"]
[EventCountry "GRE"]
[SourceTitle "EXT 2025"]
[Source "ChessBase"]
[SourceDate "2024.10.14"]
[SourceVersion "1"]
[SourceVersionDate "2024.10.14"]
[SourceQuality "1"]

1. d4 Nf6 2. c4 e6 3. Nf3 c5 4. Nc3 cxd4 5. Nxd4 Nc6 6. a3 d5 7. cxd5 exd5 8. Bg5 Be7 9. e3 0-0 10. Be2 Be6 11. 0-0 Rc8 12. Rc1 h6 13. Bh4 Re8 14. Bf3 Ne5 15. Nxe6 fxe6 16. Bg3 Nc4 17. Qe2 Qb6 18. e4 d4 19. e5 dxc3 20. Rxc3 Nxb2 21. Rxc8 Rxc8 22. exf6 Bxf6 23. Qe4 Qa6 24. h3 Na4 25. Qxb7 Qxb7 26. Bxb7 Rc3 27. Bd6 a5 28. Rb1 Rd3 29. Bc6 Nb2 30. Bf4 Rxa3 31. Bc1 Rb3 32. g3 Rb6 33. Bxb2 Bxb2 34. Ba4 g5 35. Kf1 Kf7 36. Ke2 Kf6 37. Kf3 Rb4 38. Be8 Ke7 39. Bc6 Kd6 40. Be8 Kc5 41. Bd7 e5 42. Ke2 Kc4 43. Rd1 Bd4 44. Rc1+ Kb3 45. Rc6 Rb6 46. Rc8 a4 47. Be8 a3 48. Kd3 Rf6 49. Rb8+ Bb6 50. Bb5 Rd6+ 51. Ke4 a2 52. Ra8 Kb2 53. Kxe5 Bc7 0-1

[Event "TUR-chT 2nd League"]
[Site "Denizli"]
[Date "2024.07.18"]
[Round "5.2"]
[White "Mosadeghpour, Masoud"]
[Black "Can, Melih Kaan"]
[Result "1-0"]
[WhiteElo "2441"]
[BlackElo "2141"]
[PlyCount "61"]
[EventDate "2024.07.15"]
[EventType "team-swiss"]
[EventRounds "9"]
[EventCountry "TUR"]
[SourceTitle "EXT 2025"]
[Source "ChessBase"]
[SourceDate "2024.10.14"]
[SourceVersion "1"]
[SourceVersionDate "2024.10.14"]
[SourceQuality "1"]
[WhiteTeam "Moda"]
[BlackTeam "Trabzon Feda"]
[WhiteTeamCountry "TUR"]
[BlackTeamCountry "TUR"]

1. Nf3 d5 2. g3 Nf6 3. Bg2 Bf5 4. 0-0 e6 5. d3 h6 6. c4 c6 7. cxd5 exd5 8. Qb3 Qb6 9. Qc2 Nbd7 10. e4 dxe4 11. dxe4 Bh7 12. Nc3 Bb4 13. Be3 Qa5 14. Bd2 0-0 15. Rad1 Qh5 16. Nh4 Rfe8 17. a3 Bxc3 18. Bxc3 Nd5 19. Bd2 N7f6 20. Rde1 Qg4 21. Qb3 Nb6 22. e5 Nfd5 23. f4 Rad8 24. a4 Ne7 25. e6 fxe6 26. Bf3 Qh3 27. Rxe6 Rxd2 28. Rxe7+ Nd5 29. Rxe8+ Kf7 30. Re2 Bd3 31. Bxd5+ 1-0